| LEADER |
00730nam0a2200205 450 |
| 001 |
16836562 |
| 010 |
|
|
|a 978-2-7499-4370-1
|b br.
|d 9,95
|
| 100 |
|
|
|a 20210204d2020 u u0frey01 ba
|
| 101 |
0 |
|
|a fre
|
| 102 |
|
|
|a FR
|
| 200 |
0 |
|
|a Ki & Hi
|f scénario, Kevin Tran
|g dessin, Fanny Antigny
|
| 207 |
|
1 |
|a
|
| 210 |
|
|
|a Neuilly-sur-Seine
|c Michel Lafon
|d 2020
|
| 215 |
|
|
|a 1 vol. (non paginé)
|c ill., jaquette ill. en coul.
|d 21 cm
|
| 461 |
|
0 |
|t Ki & Hi
|v 6
|
| 700 |
|
0 |
|a Tran
|b Kevin
|c Scénariste
|f 1991-....
|4 70
|
| 701 |
|
0 |
|a Antigny
|b Fanny
|c Illustrateur
|f 19..-....
|4 440
|
| 900 |
|
|
|a Bande Dessinée enfant ado
|
| 901 |
|
|
|a Accessible au prêt
|
| 995 |
|
|
|a Bibliothèque
|c Bibliothèque
|f 024021320
|h 024021320
|k BD TRA
|o p
|q j
|r az
|e Bibliothèque
|